[Event "East Detroit (MCO/3/9)"]
[Site "?"]
[Date "1985.??.??"]
[Round "?"]
[White "Thomas, C.."]
[Black "LaMar, Frank"]
[Result "1-0"]
[WhiteElo "2075"]
[BlackElo "1955"]
[PlyCount "81"]
[EventDate "1985.??.??"]

{3/(9)} 1. e4 c5 2. Nf3 d6 3. d4 cxd4 4. Nxd4 Nf6 5. Nc3 a6 6. Be2 b5 7. Bf3 e5
8. Nb3 Bb7 9. Bg5 Nbd7 10. Qd2 Be7 11. h4 Rc8 12. g4 b4 13. Nd5 Nxd5 14. exd5
Bxg5 15. hxg5 Qb6 16. Be4 g6 17. Rh6 a5 18. a4 Ba6 19. O-O-O Rc4 20. f3 Nc5 21.
Nxc5 Qxc5 22. b3 Rd4 23. Qe1 Ke7 24. Rxd4 Qxd4 25. Kb1 Bb7 26. Rh2 Rc8 27. Rd2
Qc3 28. f4 Kf8 29. f5 Qh3 30. fxg6 hxg6 31. Qf2 Rc3 32. Qb6 Qf1+ 33. Kb2 Qf4
34. Qxd6+ Ke8 35. Re2 Rc8 36. Bd3 Qd4+ 37. Ka2 f6 38. gxf6 Qc5 39. Rxe5+ Kf7
40. Re7+ Kg8 41. Rg7+ 1-0

[Event "East Lansing (MI Op/6/5)"]
[Site "?"]
[Date "1985.??.??"]
[Round "?"]
[White "Thomas, C.."]
[Black "Fischvogt, Eric"]
[Result "0-1"]
[WhiteElo "2045"]
[BlackElo "2160"]
[PlyCount "104"]
[EventDate "1985.??.??"]

{6/(5)} 1. e4 c5 2. Nf3 e6 3. d4 cxd4 4. Nxd4 Nf6 5. Nc3 d6 6. g4 Nc6 7. g5 Nd7
8. Rg1 Be7 9. Be3 Nb6 10. a4 O-O 11. Qh5 Nxd4 12. Bxd4 e5 13. Be3 Be6 14. Rg3
g6 15. Qh6 Re8 16. Bh3 Bf8 17. Qh4 Rc8 18. Bxe6 fxe6 19. Qg4 Nc4 20. Bc1 Qb6
21. h4 Re7 22. Nd5 exd5 23. Qxc8 Rf7 24. Rg2 Qd4 25. Qg4 Nxb2 26. Bxb2 Qxb2 27.
Rd1 Qb4+ 28. Kf1 dxe4 29. Rg3 Qxa4 30. Qe2 Rf4 31. Rc3 d5 32. Rb3 Bc5 33. Qb5
Qc4+ 34. Qxc4 dxc4 35. Rd8+ Kf7 36. Rxb7+ Ke6 37. Rxh7 Rxf2+ 38. Ke1 e3 39. c3
Rh2 40. h5 Rh1+ 41. Ke2 Rh2+ 42. Ke1 Rxh5 43. Rxh5 gxh5 44. Rc8 Bb6 45. Rxc4
Kf5 46. Re4 Kxe4 47. g6 Kf3 48. g7 e2 49. g8=Q Bf2+ 50. Kd2 e1=Q+ 51. Kc2 h4
52. Qf7+ Kg2 0-1

[Event "East Detroit (MCO/1/13)"]
[Site "?"]
[Date "1985.??.??"]
[Round "?"]
[White "Thomas, C.."]
[Black "Atkinson, H.."]
[Result "1-0"]
[WhiteElo "2075"]
[BlackElo "1665"]
[PlyCount "79"]
[EventDate "1985.??.??"]

{1/(13)} 1. e4 c5 2. Nf3 Nc6 3. d4 cxd4 4. Nxd4 g6 5. c4 Bg7 6. Be3 e6 7. Nc3
Nge7 8. Ndb5 O-O 9. Be2 f5 10. O-O f4 11. Bc5 a6 12. Nd6 b6 13. Ba3 Qc7 14. Rc1
Nd4 15. Nxc8 Nxc8 16. Bxf8 Kxf8 17. Re1 Ne7 18. Na4 Nec6 19. c5 b5 20. Nc3 Kg8
21. f3 Nb4 22. a3 Nbc2 23. Rxc2 Nxc2 24. Qxc2 Qxc5+ 25. Kh1 Rc8 26. Qd3 Bd4 27.
Rd1 e5 28. Nd5 Kf7 29. b4 Qf8 30. Qb3 Ke8 31. a4 g5 32. axb5 axb5 33. Bxb5 Qh6
34. Qa4 Kf7 35. Bxd7 Rc4 36. Bf5 Bf2 37. Qd7+ Kg8 38. Be6+ Kh8 39. Qe8+ Kg7 40.
Qg8# 1-0

[Event "East Lansing (MI Op/3/12)"]
[Site "?"]
[Date "1985.??.??"]
[Round "?"]
[White "Thomas, C.."]
[Black "Armstead, Curt"]
[Result "1-0"]
[WhiteElo "2045"]
[BlackElo "1850"]
[PlyCount "95"]
[EventDate "1985.??.??"]

{3/(12)} 1. e4 e6 2. d4 d5 3. Nc3 Bb4 4. e5 Qd7 5. Nf3 b6 6. a3 Bf8 7. Bb5 c6
8. Bd3 Bb7 9. Qe2 c5 10. Bb5 Bc6 11. Bxc6 Nxc6 12. dxc5 bxc5 13. O-O Nge7 14.
Bg5 Nf5 15. Rad1 h6 16. Bc1 h5 17. Rfe1 Be7 18. Bg5 Bxg5 19. Nxg5 Ncd4 20. Qa6
Rb8 21. b3 Rb6 22. Qd3 Qd8 23. f4 Nc6 24. Na4 Qc7 25. Nxb6 axb6 26. Qh3 Nfd4
27. c3 Nf5 28. c4 d4 29. Ne4 Ne3 30. Nd6+ Kf8 31. Rd3 Qe7 32. Qf3 Qd7 33. b4
cxb4 34. axb4 Nc2 35. Rc1 N2xb4 36. Ra3 g6 37. Ra8+ Kg7 38. Rxh8 Kxh8 39. g4
hxg4 40. Qxg4 Kg7 41. Qh4 Qe7 42. Qg4 Qa7 43. Ne8+ Kf8 44. Nf6 Qa3 45. Re1 Ke7
46. Qh4 d3 47. Qh8 d2 48. Qe8# 1-0

[Event "East Detroit (MCO/2/29)"]
[Site "?"]
[Date "1985.??.??"]
[Round "?"]
[White "Szczypka, Tom"]
[Black "Yee, T.."]
[Result "1-0"]
[WhiteElo "1920"]
[BlackElo "1605"]
[PlyCount "85"]
[EventDate "1985.??.??"]

{2/(29)} 1. d4 d5 2. Bf4 Nc6 3. Nc3 a6 4. Qd2 Bf5 5. h3 h6 6. g4 Be4 7. Nxe4
dxe4 8. e3 Nf6 9. Bc4 e6 10. Ne2 Bb4 11. c3 Be7 12. Qc2 b5 13. Bb3 b4 14. Ba4
Qd7 15. O-O O-O 16. Qb3 Rab8 17. cxb4 Rxb4 18. Qc2 Nxd4 19. Nxd4 Qxa4 20. Qxa4
Rxa4 21. b3 Ra3 22. Bxc7 Nd5 23. Be5 Nb4 24. Rfd1 Rxa2 25. Rxa2 Nxa2 26. Nc6
Bc5 27. Ra1 Rc8 28. Nb8 f6 29. Rxa2 fxe5 30. Nxa6 Be7 31. b4 Rc1+ 32. Kg2 Rb1
33. Ra4 Kf7 34. Nc5 Rb2 35. Kg3 g5 36. Nxe4 Bxb4 37. Ra7+ Be7 38. Kf3 Rb6 39.
Nc5 Rc6 40. Nd7 Rc8 41. Nxe5+ Kf6 42. Ke4 Bd6 43. Rf7# 1-0

[Event "East Detroit (MCO/5/19)"]
[Site "?"]
[Date "1985.??.??"]
[Round "?"]
[White "Szczypka, Tom"]
[Black "Sarka, K.."]
[Result "1-0"]
[WhiteElo "1920"]
[BlackElo "1675"]
[PlyCount "95"]
[EventDate "1985.??.??"]

{5/(19)} 1. d4 d6 2. g3 Nf6 3. Bg2 g6 4. Nc3 Bg7 5. Bg5 Nfd7 6. Nd5 c6 7. Bxe7
Qa5+ 8. b4 Qa4 9. Bxd6 cxd5 10. Bxd5 Nb6 11. Bg2 Qd7 12. Be5 Bxe5 13. dxe5
Qxd1+ 14. Rxd1 Nc6 15. Bxc6+ bxc6 16. e4 O-O 17. Rd6 Re8 18. f4 Bb7 19. Nf3 Nc4
20. Rd7 Ba6 21. Ng5 Nxe5 22. fxe5 Rxe5 23. h4 Bc4 24. Kd2 h6 25. Kc3 Bxa2 26.
Kd4 Rae8 27. Rxa7 hxg5 28. Rxa2 Rxe4+ 29. Kc5 gxh4 30. Rxh4 R4e5+ 31. Kd4 Rd5+
32. Kc4 Kg7 33. Ra6 Re6 34. Rxc6 Rxc6+ 35. Kxd5 Rxc2 36. b5 Kf6 37. b6 Rb2 38.
Kc6 g5 39. Rh8 Kf5 40. b7 Kg4 41. b8=Q Rxb8 42. Rxb8 Kxg3 43. Rf8 g4 44. Kd5
Kh2 45. Ke4 g3 46. Kf3 g2 47. Rh8+ Kg1 48. Rg8 1-0

[Event "East Detroit (MCO/2/38)"]
[Site "?"]
[Date "1985.??.??"]
[Round "?"]
[White "Swartz, J.."]
[Black "McNeilly, A.."]
[Result "0-1"]
[WhiteElo "1605"]
[BlackElo "1670"]
[PlyCount "59"]
[EventDate "1985.??.??"]

{2/(38)} 1. e4 c5 2. Nf3 d6 3. d4 cxd4 4. Nxd4 Nf6 5. Nc3 a6 6. Be2 e6 7. Bg5
Be7 8. Nf3 Nbd7 9. Be3 O-O 10. Bd3 Ng4 11. Bf4 Qb6 12. O-O Qxb2 13. Ne2 Qb6 14.
Rb1 Qc7 15. Ng3 Nc5 16. Ng5 e5 17. Bd2 Nxd3 18. cxd3 Bd7 19. Nf5 Bxf5 20. exf5
Nf6 21. Rc1 Qd7 22. Qf3 Rac8 23. Rb1 b5 24. Ne4 Rc2 25. Be3 Rxa2 26. d4 Rc2 27.
dxe5 dxe5 28. Rfd1 Qc6 29. Nxf6+ Bxf6 30. g4 0-1

[Event "East Detroit (MCO/3/47)"]
[Site "?"]
[Date "1985.??.??"]
[Round "?"]
[White "Swartz, J.."]
[Black "Golonka, Stan"]
[Result "1-0"]
[WhiteElo "1605"]
[BlackElo "1650"]
[PlyCount "148"]
[EventDate "1985.??.??"]

{3/(47)} 1. e4 c5 2. Nf3 d6 3. d4 cxd4 4. Nxd4 Nf6 5. Nc3 a6 6. Bd3 Nc6 7. Be3
Qc7 8. Nd5 Nxd5 9. exd5 Qa5+ 10. c3 Qxd5 11. O-O Nxd4 12. cxd4 e6 13. Qc2 Qc6
14. Qe2 Be7 15. Rac1 Qd7 16. Rc3 O-O 17. Qh5 g6 18. Qh3 f5 19. Qg3 Bf6 20. Rfc1
Rf7 21. Be2 Qd8 22. Bf4 Bxd4 23. Bg5 Qf8 24. R3c2 Bd7 25. Qh4 Bc6 26. Qxd4 e5
27. Qh4 Qe8 28. Rd1 d5 29. b3 Qe6 30. Qb4 f4 31. f3 Qf5 32. Rxc6 bxc6 33. Be7
Qc2 34. Rd2 Qb1+ 35. Kf2 Qf5 36. Bd6 Qe6 37. Bc5 g5 38. Qb6 g4 39. fxg4 e4 40.
Ke1 f3 41. Bxa6 Rxa6 42. Qxa6 e3 43. Qa8+ Kg7 44. Bd4+ Kh6 45. gxf3 exd2+ 46.
Kxd2 Rxf3 47. Qd8 Qxg4 48. Be3+ Kh5 49. Qe8+ Qg6 50. Qe5+ Rf5 51. Qb2 Qg2+ 52.
Kc3 Qxb2+ 53. Kxb2 Rf3 54. Bd4 Kg5 55. a4 Kf5 56. a5 Ke4 57. Bc5 d4 58. a6 Kd5
59. a7 Rf2+ 60. Ka3 Kxc5 61. a8=Q Rxh2 62. Qa7+ Kd5 63. Qd7+ Ke4 64. Qxc6+ Ke3
65. Qc7 Rf2 66. Qe5+ Kf3 67. Qxd4 h5 68. Qh4 Rg2 69. Qxh5+ Kf2 70. Qf5+ Ke3 71.
Qc5+ Kf4 72. Qd5 Rg6 73. b4 Ra6+ 74. Qa5 Rh6 1-0

[Event "East Detroit (MCO/6/47)"]
[Site "?"]
[Date "1985.??.??"]
[Round "?"]
[White "Swartz, J.."]
[Black "Feldman, J.."]
[Result "1-0"]
[WhiteElo "1605"]
[BlackElo "1605"]
[PlyCount "85"]
[EventDate "1985.??.??"]

{6/(47)} 1. e4 e5 2. Nf3 Nc6 3. Bb5 a6 4. Ba4 Be7 5. O-O d6 6. h3 Nf6 7. Re1 b5
8. Bb3 O-O 9. c3 Na5 10. d4 Nxb3 11. Qxb3 Be6 12. Qc2 exd4 13. cxd4 Qc8 14. d5
Bd7 15. Bg5 Re8 16. Nbd2 h6 17. Bf4 c5 18. dxc6 Qxc6 19. Qd3 Rac8 20. Nb3 Qc4
21. Qd4 Qxd4 22. Nfxd4 Bd8 23. f3 Be7 24. g4 Rc4 25. Kh2 a5 26. Be3 a4 27. Nd2
Rc7 28. Rac1 Rxc1 29. Rxc1 Rc8 30. Rxc8+ Bxc8 31. Nxb5 Kh7 32. Nc3 Bd7 33. Nc4
Bd8 34. Nxd6 Be7 35. Nxf7 Be6 36. Ne5 Bd6 37. Bf4 Nd7 38. Nd3 Be7 39. a3 Bb3
40. Be3 Bd6+ 41. f4 Kg6 42. Bd4 Bc2 43. e5 1-0

[Event "Westland (SEMO Res/2/34)"]
[Site "?"]
[Date "1985.??.??"]
[Round "?"]
[White "Sutter, P.."]
[Black "Tumpkin, R.."]
[Result "1-0"]
[WhiteElo "1740"]
[BlackElo "1605"]
[PlyCount "109"]
[EventDate "1985.??.??"]

{2/(34)} 1. d4 d6 2. e4 Nf6 3. f3 e6 4. Bg5 Be7 5. c4 c6 6. Bd3 O-O 7. Ne2 Qa5+
8. Qd2 Qb6 9. e5 dxe5 10. dxe5 Ng4 11. fxg4 Bxg5 12. Qc2 g6 13. Nd2 Qe3 14. Be4
Nd7 15. Nf3 Nc5 16. Nxg5 Qxg5 17. Bf3 Qxe5 18. O-O Rd8 19. Qc3 Qxc3 20. Nxc3
Nd3 21. Rad1 Kf8 22. Be2 e5 23. Rxd3 Bxg4 24. Rxd8+ Rxd8 25. Bxg4 Rd2 26. Rf2
Rd4 27. Be2 c5 28. Rf3 a6 29. b3 f5 30. Rd3 e4 31. Rd1 e3 32. Na4 Rd2 33. Rxd2
exd2 34. Nxc5 Ke7 35. Nxb7 Kd7 36. Nc5+ Kc6 37. b4 Kb6 38. Nb3 Kc7 39. Nxd2 Kd7
40. Nb3 h6 41. c5 h5 42. Bxa6 h4 43. Nd4 f4 44. Nf3 h3 45. gxh3 Kc7 46. Bd3 Kd7
47. Bxg6 Kc6 48. h4 Kb5 49. h5 Kxb4 50. c6 Kc3 51. c7 Kb2 52. a4 Kb3 53. a5 Kb4
54. a6 Kb5 55. c8=Q 1-0

[Event "Westland (SEMO Res/5/22)"]
[Site "?"]
[Date "1985.??.??"]
[Round "?"]
[White "Sutter, P.."]
[Black "Johnson, K.."]
[Result "1/2-1/2"]
[WhiteElo "1740"]
[BlackElo "1685"]
[PlyCount "50"]
[EventDate "1985.??.??"]

{5/(22)} 1. d4 Nf6 2. c4 d6 3. Nc3 g6 4. e4 Nbd7 5. Bd3 c5 6. d5 Bg7 7. Nge2
Ne5 8. f4 Nxd3+ 9. Qxd3 O-O 10. O-O Bd7 11. Bd2 Qc7 12. Rae1 a6 13. b3 Rab8 14.
Ng3 Ng4 15. Nce2 b5 16. h3 bxc4 17. bxc4 Nf6 18. Rb1 Rxb1 19. Rxb1 Rb8 20. f5
Rb6 21. Rxb6 Qxb6 22. Qb3 Qxb3 23. axb3 Bc8 24. Bc3 Nd7 25. Bxg7 Kxg7 1/2-1/2

[Event "East Detroit (MCO/6/44)"]
[Site "?"]
[Date "1985.??.??"]
[Round "?"]
[White "Suess, J.."]
[Black "Varner, M.."]
[Result "0-1"]
[WhiteElo "1605"]
[BlackElo "1605"]
[PlyCount "156"]
[EventDate "1985.??.??"]

{6/(44)} 1. e4 e5 2. Nc3 Nc6 3. Bc4 a6 4. Qf3 Nf6 5. Nge2 Bc5 6. a3 d6 7. h3
Be6 8. Nd5 b5 9. Ba2 a5 10. c3 b4 11. Bc4 O-O 12. axb4 axb4 13. Rxa8 Qxa8 14.
Nxc7 Qc8 15. Nd5 Bxd5 16. exd5 e4 17. Qf4 Ne5 18. b3 Re8 19. O-O Nd3 20. Bxd3
exd3 21. Ng3 Nxd5 22. Qh4 Qd8 23. Qc4 Qa8 24. cxb4 Bxb4 25. Qxd3 Nf4 26. Qf3
Qxf3 27. gxf3 Nxh3+ 28. Kh2 Ng5 29. Kg2 g6 30. d4 Ne6 31. Be3 Nc7 32. Ne4 Nd5
33. Ra1 Nxe3+ 34. fxe3 Kg7 35. Ra4 Rb8 36. Ra6 d5 37. Nf2 Bd2 38. Rd6 Bxe3 39.
Rxd5 Rxb3 40. Ng4 Rd3 41. Nxe3 Rxe3 42. Kf2 Re6 43. Rd7 Kf8 44. Rd8+ Ke7 45.
Rd5 f6 46. f4 Rd6 47. Ra5 Rxd4 48. Ke3 Rd7 49. Ke4 Kf7 50. Ra1 Re7+ 51. Kf3 h5
52. Ra8 g5 53. fxg5 fxg5 54. Rh8 Kg6 55. Rd8 Rf7+ 56. Kg3 h4+ 57. Kg2 Kh5 58.
Rd3 g4 59. Rd5+ Kg6 60. Rd8 Rf6 61. Rg8+ Kh5 62. Rh8+ Rh6 63. Rf8 Kg5 64. Rg8+
Rg6 65. Re8 h3+ 66. Kg3 Rh6 67. Re5+ Kf6 68. Re1 Kf5 69. Rf1+ Kg5 70. Kh2 Rf6
71. Rh1 Kh4 72. Rg1 Rf2+ 73. Kh1 g3 74. Rd1 h2 75. Re1 Kh3 76. Rg1 g2+ 77. Rxg2
Rf1+ 78. Rg1 Rxg1# 0-1

[Event "East Detroit (MCO/3/45)"]
[Site "?"]
[Date "1985.??.??"]
[Round "?"]
[White "Suess, J.."]
[Black "Foord, Allan"]
[Result "0-1"]
[WhiteElo "1605"]
[BlackElo "1675"]
[PlyCount "97"]
[EventDate "1985.??.??"]

{3/(45)} 1. e4 c5 2. Nc3 d6 3. Bc4 Nf6 4. d3 Bg4 5. f3 Bh5 6. Bg5 e6 7. g4 Bg6
8. f4 h6 9. Bh4 Be7 10. f5 exf5 11. Bxf6 Bxf6 12. exf5 Bh4+ 13. Kf1 Bh7 14.
Qe2+ Qe7 15. Qxe7+ Kxe7 16. Nf3 Bf6 17. Re1+ Kd7 18. Nd5 Bd8 19. Kg2 Nc6 20. c3
Re8 21. f6 gxf6 22. Ne3 a6 23. Bxf7 Re7 24. Bd5 Bxd3 25. Bc4 Rxe3 26. Rxe3 Bxc4
27. Rhe1 Ne5 28. Nxe5+ fxe5 29. b3 Bd5+ 30. Kg3 Bg5 31. Rd3 Bf4+ 32. Kh3 Be6
33. Red1 d5 34. b4 Kc6 35. bxc5 Kxc5 36. a4 Rg8 37. Rg1 h5 38. Kg2 Rxg4+ 39.
Kh1 Bf5 40. Rdg3 Bxg3 41. Rxg3 Rxg3 42. hxg3 e4 43. Kg1 Kc4 44. Kf2 Kxc3 45.
Ke2 d4 46. Kd1 d3 47. a5 e3 48. Kc1 d2+ 49. Kd1 0-1

[Event "Westland (SEMO Res/4/26)"]
[Site "?"]
[Date "1985.??.??"]
[Round "?"]
[White "Stuery, M.."]
[Black "Leonard, K.."]
[Result "1/2-1/2"]
[WhiteElo "1685"]
[BlackElo "1605"]
[PlyCount "59"]
[EventDate "1985.??.??"]

{4/(26)} 1. e4 b6 2. d4 Bb7 3. Nc3 e6 4. Nf3 Bb4 5. Bd3 Nf6 6. e5 Ne4 7. Bxe4
Bxe4 8. O-O Bxc3 9. bxc3 O-O 10. Re1 Bg6 11. a4 Nc6 12. Ba3 Re8 13. Nd2 Na5 14.
Bb4 Nc6 15. Ba3 Na5 16. c4 d5 17. cxd5 Qxd5 18. c3 Rac8 19. Qf3 Qxf3 20. Nxf3
Nc4 21. g3 Nxa3 22. Rxa3 c5 23. dxc5 Rxc5 24. Nd4 Rec8 25. Re3 Ra5 26. Nb3 Rd5
27. Nd4 Rc4 28. Nb5 a6 29. Nd6 Rc6 30. c4 1/2-1/2

[Event "East Detroit (MCO/4/4)"]
[Site "?"]
[Date "1985.??.??"]
[Round "?"]
[White "Stone, Ray"]
[Black "Thomas, C.."]
[Result "1-0"]
[WhiteElo "2455"]
[BlackElo "2075"]
[PlyCount "87"]
[EventDate "1985.??.??"]

{4/(4)} 1. c4 e5 2. Nc3 Nf6 3. Nf3 Nc6 4. e3 d5 5. cxd5 Nxd5 6. d3 Be7 7. Be2
Be6 8. a3 a5 9. O-O O-O 10. Bd2 Nb6 11. b3 Qd7 12. Qc2 Rfd8 13. Rfd1 f6 14. Be1
Qe8 15. Nb5 Qf7 16. Rab1 Rac8 17. d4 e4 18. Qxe4 Bxb3 19. Rdc1 Bd5 20. Qc2 f5
21. Nd2 Qg6 22. Bf3 Bxf3 23. Nxf3 Nd5 24. Nc3 Nxc3 25. Qxc3 Rb8 26. Qb3+ Kh8
27. d5 a4 28. Qc4 Na7 29. Ne5 Qf6 30. d6 Qxe5 31. dxc7 Bd6 32. f4 Qxe3+ 33. Bf2
Qxf4 34. cxd8=Q+ Rxd8 35. Qxf4 Bxf4 36. Bxa7 g6 37. Rd1 Ra8 38. Rxb7 Be5 39.
Kf1 Bxh2 40. Rdd7 Be5 41. Rxh7+ Kg8 42. Rhe7 Bf6 43. Re6 Rf8 44. Rb8 1-0

[Event "East Detroit (MCO/6/3)"]
[Site "?"]
[Date "1985.??.??"]
[Round "?"]
[White "Stone, Ray"]
[Black "Haluska, James"]
[Result "1-0"]
[WhiteElo "2455"]
[BlackElo "2035"]
[PlyCount "47"]
[EventDate "1985.??.??"]

{6/(3)} 1. d4 Nf6 2. c4 g6 3. Nc3 Bg7 4. e4 O-O 5. Nf3 d6 6. Be2 e5 7. Be3 Nc6
8. d5 Ne7 9. Nd2 Nd7 10. b4 f5 11. f3 Nf6 12. Rc1 Nh5 13. O-O f4 14. Bf2 g5 15.
c5 Ng6 16. cxd6 cxd6 17. Nb5 Nh4 18. Nc7 Rf6 19. Nxa8 Bh3 20. gxh3 Qd7 21. Qc2
Bf8 22. Qc8 Qg7 23. Rc7 Qg6 24. Bxh4 1-0

[Event "East Detroit (MCO/2/4)"]
[Site "?"]
[Date "1985.??.??"]
[Round "?"]
[White "Stone, Ray"]
[Black "Gould, J.."]
[Result "1-0"]
[WhiteElo "2455"]
[BlackElo "1910"]
[PlyCount "42"]
[EventDate "1985.??.??"]

{2/(4)} 1. d4 Nf6 2. c4 e5 3. dxe5 Ng4 4. Nf3 Bc5 5. e3 Nc6 6. Be2 Ncxe5 7.
Nxe5 Nxe5 8. Nc3 Qg5 9. O-O Qh6 10. Nd5 Bd6 11. f4 Ng6 12. c5 c6 13. cxd6 cxd5
14. Qxd5 Rb8 15. f5 O-O 16. e4 Qh4 17. fxg6 hxg6 18. Bg5 Qh7 19. Rxf7 Rxf7 20.
Bc4 b5 21. Qxf7+ Kh8 1-0

[Event "East Lansing (MI Op/4/21)"]
[Site "?"]
[Date "1985.??.??"]
[Round "?"]
[White "Stockham, James"]
[Black "Moody, David"]
[Result "1-0"]
[WhiteElo "1820"]
[BlackElo "2060"]
[PlyCount "79"]
[EventDate "1985.??.??"]

{4/(21)} 1. d4 Nf6 2. c4 c5 3. d5 e6 4. Nc3 exd5 5. cxd5 d6 6. Nf3 g6 7. g3 Bg7
8. Bg2 O-O 9. O-O a6 10. a4 Re8 11. h3 Qe7 12. Nd2 Nbd7 13. Nc4 Ne5 14. Na3 h6
15. f4 Ned7 16. Kh2 g5 17. e4 gxf4 18. gxf4 Nf8 19. Qf3 Ng6 20. Be3 Nh4 21. Qf2
Nf5 22. e5 Nxe3 23. Qxe3 dxe5 24. fxe5 Qxe5+ 25. Qxe5 Rxe5 26. Nc4 Rh5 27. Nb6
Rb8 28. Rae1 Kf8 29. d6 Nd7 30. Nxd7+ Bxd7 31. Re7 Be5+ 32. Kh1 Bxh3 33. Rfxf7+
Kg8 34. Bxh3 Rxh3+ 35. Kg2 Rh5 36. d7 Rh2+ 37. Kg1 Rd2 38. Rf5 Bxc3 39. Re8+
Kg7 40. bxc3 $138 1-0

[Event "East Lansing (MI Op/6/19)"]
[Site "?"]
[Date "1985.??.??"]
[Round "?"]
[White "Stockham, James"]
[Black "Hankinson, Chris"]
[Result "1-0"]
[WhiteElo "1820"]
[BlackElo "1980"]
[PlyCount "54"]
[EventDate "1985.??.??"]

{6/(19)} 1. d4 e6 2. c4 f5 3. Nf3 Nf6 4. g3 b6 5. Bg2 Bb7 6. O-O Be7 7. Nc3 O-O
8. d5 Ne4 9. Nxe4 fxe4 10. Ne1 exd5 11. cxd5 Bc5 12. Bxe4 Qf6 13. Nd3 Bd6 14.
Rb1 Na6 15. b3 Nc5 16. Bb2 Qg5 17. Nxc5 Bxc5 18. Bd4 Bd6 19. Be3 Qh5 20. Qd2
Rae8 21. Bg2 Re5 22. Rbd1 a5 23. Qd3 Rff5 24. Bf4 Rxf4 25. gxf4 Rxe2 26. Bf3
Ba6 27. Bxh5 Bxd3 1-0

[Event "East Lansing (MI Op/2/24)"]
[Site "?"]
[Date "1985.??.??"]
[Round "?"]
[White "Stockham, James"]
[Black "Haluska, James"]
[Result "0-1"]
[WhiteElo "1820"]
[BlackElo "2010"]
[PlyCount "84"]
[EventDate "1985.??.??"]

{2/(24)} 1. d4 Nf6 2. c4 g6 3. Nf3 Bg7 4. g3 O-O 5. Bg2 d6 6. O-O Nc6 7. Nc3
Bd7 8. d5 Na5 9. Nd2 c5 10. Qc2 a6 11. b3 b5 12. Bb2 Rb8 13. Rae1 Qb6 14. Nd1
e6 15. e4 bxc4 16. bxc4 e5 17. h3 Nh5 18. Kh2 Bh6 19. Bc1 Qb4 20. Ne3 f5 21. a3
Qb6 22. Bf3 f4 23. Ng2 Ng7 24. g4 Ne8 25. Rd1 Nb3 26. Nxb3 Qxb3 27. Qxb3 Rxb3
28. Ne1 Nf6 29. Be2 Nxe4 30. Bd3 Nf6 31. f3 Rfb8 32. Rf2 Bf8 33. Rdd2 Be7 34.
Rb2 Bd8 35. Rxb3 Rxb3 36. Rb2 Rxb2+ 37. Bxb2 Ba5 38. Nc2 Ba4 39. Kg2 Nd7 40.
Na1 Bd1 41. Kf2 Nb6 42. Bf1 Na4 0-1

[Event "Westland (SEMO/2/20)"]
[Site "?"]
[Date "1985.??.??"]
[Round "?"]
[White "Steverson, Bunnard"]
[Black "Levine, H.."]
[Result "0-1"]
[WhiteElo "1645"]
[BlackElo "1970"]
[PlyCount "70"]
[EventDate "1985.??.??"]

{2/(20)} 1. e4 e6 2. Nf3 d5 3. exd5 exd5 4. Be2 Nf6 5. O-O Bd6 6. d4 Bf5 7. Nc3
Nbd7 8. Bg5 h6 9. Bh4 g5 10. Bg3 Bxg3 11. fxg3 Be4 12. Ne5 Qe7 13. Nxd7 Nxd7
14. Bh5 Rf8 15. Nxe4 dxe4 16. c3 O-O-O 17. Qb3 f5 18. Rae1 Rf6 19. Bf3 Qd6 20.
Be2 Kb8 21. Rd1 f4 22. c4 fxg3 23. c5 gxh2+ 24. Kh1 Rxf1+ 25. Bxf1 Nxc5 26. Qh3
Rf8 27. Be2 Nd3 28. Bxd3 exd3 29. Qxd3 g4 30. g3 Rf2 31. Qe4 a6 32. b4 Qxg3 33.
a4 Qh3 34. b5 g3 35. Qe8+ Ka7 0-1

[Event "East Detroit (MCO/2/17)"]
[Site "?"]
[Date "1985.??.??"]
[Round "?"]
[White "Steverson, Bunnard"]
[Black "Graves, J.."]
[Result "0-1"]
[WhiteElo "1740"]
[BlackElo "1985"]
[PlyCount "82"]
[EventDate "1985.??.??"]

{2/(17)} 1. e4 c5 2. Nf3 Nc6 3. c3 e6 4. h3 a6 5. Be2 d5 6. d3 Nf6 7. Nbd2 Bd6
8. Qc2 e5 9. exd5 Nxd5 10. Ne4 O-O 11. O-O Be7 12. Be3 Nxe3 13. fxe3 Be6 14.
Rad1 f5 15. Ned2 b5 16. d4 exd4 17. exd4 cxd4 18. Nxd4 Nxd4 19. cxd4 Qxd4+ 20.
Kh1 Rac8 21. Qb1 Bf6 22. b3 Rc3 23. Nf3 Qc5 24. Bd3 g6 25. Rc1 Rd8 26. Rfd1
Rdxd3 27. Rxc3 Rxd1+ 28. Qxd1 Qxc3 29. Qd6 Qc8 30. Nd4 Bxd4 31. Qxd4 Qa8 32.
Kh2 Bd5 33. g3 Qc6 34. Qd2 Qe6 35. h4 Qe4 36. Kg1 Qh1+ 37. Kf2 Qg2+ 38. Ke3
Qxg3+ 39. Kd4 Qxh4+ 40. Kc5 Bf7 41. Qd8+ Qxd8 0-1

[Event "East Detroit (MCO/4/30)"]
[Site "?"]
[Date "1985.??.??"]
[Round "?"]
[White "Steverson, Bunnard"]
[Black "DeJongh, John"]
[Result "0-1"]
[WhiteElo "1740"]
[BlackElo "1615"]
[PlyCount "120"]
[EventDate "1985.??.??"]

{4/(30)} 1. d4 d5 2. c4 e6 3. Nc3 Nf6 4. Nf3 Nbd7 5. cxd5 Nxd5 6. e4 Nxc3 7.
bxc3 Be7 8. Bd3 c6 9. O-O O-O 10. Qc2 h6 11. Be3 Re8 12. Qd2 Bf8 13. Bc2 Nf6
14. e5 Nd5 15. Qd3 g6 16. Bd2 Kg7 17. g3 Be7 18. Kh1 Rh8 19. Rg1 Bd7 20. Nh4
Qe8 21. Rab1 b6 22. c4 Nc7 23. Ng2 Rd8 24. Bb3 c5 25. Rbd1 cxd4 26. Qxd4 Bc5
27. Qf4 Be7 28. h4 Bc6 29. Kh2 Bg5 30. Qg4 Bxd2 31. h5 Bg5 32. Nf4 Na6 33. Rxd8
Qxd8 34. hxg6 Qd2 35. Rf1 Nc5 36. Bd1 Bxf4 37. gxf7+ Bg5 38. Be2 Rf8 39. f4
Rxf7 40. fxg5 Qxg5 41. Rxf7+ Kxf7 42. Qd4 Ne4 43. Qg1 Qxe5 44. Qf1+ Nf6 45. Bf3
Qb2+ 46. Kh3 Bxf3 47. Qxf3 Qxa2 48. Qb7+ Kg6 49. Qc7 Qa1 50. Kg2 Qb2+ 51. Kf3
Qc3+ 52. Kg2 Qd2+ 53. Kf3 Qd3+ 54. Kg2 Qe2+ 55. Kg1 Ng4 56. Qf4 Qf2+ 57. Qxf2
Nxf2 58. Kxf2 a5 59. Ke2 Kf5 60. Kd2 Ke4 0-1

[Event "East Lansing (MI Op/2/32)"]
[Site "?"]
[Date "1985.??.??"]
[Round "?"]
[White "Steverson, Bunnard"]
[Black "Braak, Dairen"]
[Result "0-1"]
[WhiteElo "1755"]
[BlackElo "1870"]
[PlyCount "106"]
[EventDate "1985.??.??"]

{2/(32)} 1. e4 c5 2. Nf3 d6 3. c3 Nf6 4. d3 g6 5. Be2 Bg7 6. O-O Nc6 7. Bf4 O-O
8. Nbd2 d5 9. e5 Nh5 10. Be3 d4 11. cxd4 cxd4 12. Bg5 h6 13. Bh4 Nf4 14. Bg3
Nxe2+ 15. Qxe2 Qd5 16. h3 Bf5 17. Nb3 a5 18. Rac1 a4 19. Rc5 Qd7 20. Nc1 Rfc8
21. Qd2 Nd8 22. Qb4 Rxc5 23. Qxc5 Nc6 24. b4 axb3 25. axb3 e6 26. Re1 Ra5 27.
Qc4 Bf8 28. Bf4 g5 29. Bd2 Rc5 30. Qa4 Rd5 31. Qa8 Kg7 32. h4 Bb4 33. Bxb4 Nxb4
34. hxg5 hxg5 35. Nxg5 Nxd3 36. Nxd3 Bxd3 37. Qa3 Qc7 38. b4 Qc3 39. Qxc3 dxc3
40. Nh3 c2 41. Nf4 Rxe5 42. Rc1 Bh7 43. Kf1 Rb5 44. Ke1 Rxb4 45. g3 Rb1 46. Kd2
b5 47. Ne2 b4 48. Nd4 b3 49. Nxc2 Rxc1 50. Kxc1 Bxc2 51. f4 f6 52. Kb2 e5 53.
fxe5 fxe5 0-1

[Event "Westland (SEMO Res/2/28)"]
[Site "?"]
[Date "1985.??.??"]
[Round "?"]
[White "Steury, M.."]
[Black "Stefanski, Mark"]
[Result "1-0"]
[WhiteElo "1685"]
[BlackElo "1605"]
[PlyCount "90"]
[EventDate "1985.??.??"]

{2/(28)} 1. e4 e5 2. Nf3 Nc6 3. Bb5 a6 4. Ba4 Nf6 5. O-O Bc5 6. c3 Ba7 7. d4
exd4 8. cxd4 Ne7 9. Nc3 O-O 10. Bg5 Ne8 11. Re1 f6 12. Bb3+ Kh8 13. Be3 c6 14.
d5 d6 15. h3 Bxe3 16. Rxe3 g5 17. Nd2 c5 18. Qh5 Ng7 19. Qe2 Ng6 20. Re1 Nf4
21. Qd1 Qe8 22. Nc4 Qe7 23. Nb6 Rb8 24. Nxc8 Rbxc8 25. Ne2 Ngh5 26. Nxf4 Nxf4
27. Qd2 Rg8 28. Bd1 Rg6 29. Bg4 Rcg8 30. g3 h5 31. Bf5 Rh6 32. Kf1 Ng6 33. Bxg6
Rhxg6 34. Qe2 Qh7 35. b3 h4 36. g4 Qe7 37. Qb2 Qe5 38. Qxe5 fxe5 39. Rf3 Kg7
40. Ree3 Rf8 41. Rxf8 Kxf8 42. Rf3+ Ke7 43. Rf5 Rg7 44. Ke2 Kd7 45. Kd3 Kc7 1-0

[Event "East Detroit (MCO/4/36)"]
[Site "?"]
[Date "1985.??.??"]
[Round "?"]
[White "Stefanski, Mark"]
[Black "Swartz, J.."]
[Result "1-0"]
[WhiteElo "1630"]
[BlackElo "1605"]
[PlyCount "67"]
[EventDate "1985.??.??"]

{4/(36)} 1. e4 e5 2. Nc3 Nf6 3. d3 Nc6 4. f4 d5 5. fxe5 Nxe5 6. d4 Nc6 7. e5
Ng8 8. Nf3 f6 9. Bb5 Qd7 10. O-O a6 11. Bxc6 Qxc6 12. exf6 Nxf6 13. Re1+ Be7
14. Ne5 Qd6 15. Bg5 Be6 16. Bxf6 Bxf6 17. Qh5+ g6 18. Qe2 O-O-O 19. Rf1 Rhf8
20. Rae1 Qb6 21. Qe3 Qxb2 22. Nxg6 Bxd4 23. Qxd4 Rxf1+ 24. Kxf1 Qxc2 25. Rxe6
Qf5+ 26. Nf4 Rf8 27. Re2 c6 28. Rf2 Qg4 29. Ncxd5 Rd8 30. Ne7+ Kc7 31. Qe5+ Kb6
32. Rb2+ Ka7 33. Nxc6+ bxc6 34. Qc7+ 1-0